| 000 -ლიდერი |
| ფიქსირებული სიგრძის საკონტროლო ველი |
01696nam a22002057a 4500 |
| 003 - საკონტროლო ნომრის იდენტიფიკატორი |
| საკონტროლო ველი |
Ge_BSU |
| 005 - ბოლო ოპერაციის თარიღი და დრო |
| საკონტროლო ველი |
20230519160622.0 |
| 008 - ფიქსირებული სიგრძის მონაცემთა ელემენტები - ზოგადი ინფორმაცია |
| ფიქსირებული სიგრძის საკონტროლო ველი |
230519s2005 ge ||||| |||| 00| 0 geo d |
| 041 ## - ენის კოდი |
| Language code of text/sound track or separate title |
geo |
| 080 ## - უნივერსალური ათობითი კლასიფიკაციის ინდექსი |
| Universal Decimal Classification number |
902(479.2) ფ-69 |
| 100 ## - მთავარი ჩანაწერი - პიროვნების სახელი |
| Personal name |
ფიცხელაური, კონსტანტინე |
| 9 (RLIN) |
18147 |
| 245 ## - ცნობა სათაურის შესახებ |
| Title |
ცენტრალურამიერკავკასიური არქეოლოგიური კულტურა ძვ. წ. XIV-XIII სს. : |
| Remainder of title |
(კულტურის არსი, დამახასიათებელი ნიშნები, გავრცელების ფარგლები) = die zentraltranskaukasische archäologische Kultur des 14.-13. Jh. v. Chr. : (Kulturwesen, Charaktermerkmale, Verbreitungsareale) / |
| Statement of responsibility, etc |
კონსტანტინე ფიცხელაური; რედაქტორი:ო.ჯაფარიძე; საქართველოს მეცნიერებათა აკადემია; არქეოლოგიური კვლევის ცენტრი. |
| 264 ## - წარმოების, გამოცემის, დისტრიბუციის და სხვა ცნობები |
| გამოცემის, წარმოების, დისტრიბუციის... ადგილი |
თბილისი : |
| გამოცემის, წარმოების, დისტრიბუციის... სახელწოდება |
მეცნიერება, |
| გამოცემის, წარმოების, დისტრიბუციის... თარიღი |
2005. |
| 300 ## - ფიზიკური აღწერა |
| Extent |
171 გვ. : |
| Other physical details |
+ტაბულები, რუკები; |
| Dimensions |
26 სმ. |
| 653 ## - INDEX TERM--UNCONTROLLED |
| Uncontrolled term |
ამიერკავკასია. |
| 653 ## - INDEX TERM--UNCONTROLLED |
| Uncontrolled term |
არქეოლოგია |
| 700 ## - ADDED ENTRY--PERSONAL NAME |
| Personal name |
ჯაფარიძე, კონსტანტინე |
| Relator term |
რედაქტორი |
| 9 (RLIN) |
18148 |
| 710 ## - ADDED ENTRY--CORPORATE NAME |
| Corporate name or jurisdiction name as entry element |
საქართველოს მეცნიერებათა აკადემია |
| Subordinate unit |
არქეოლოგიური კვლევის ცენტრი |
| 9 (RLIN) |
17947 |
| 942 ## - ADDED ENTRY ELEMENTS (KOHA) |
| Source of classification or shelving scheme |
|
| Koha item type |
წიგნი |